| 000 | 00439nam a2200193Ia 4500 | ||
|---|---|---|---|
| 003 | OSt | ||
| 005 | 20251119104713.0 | ||
| 008 | 250729s1995 xx 000 0 und d | ||
| 020 | _a978-8125006350 | ||
| 040 | _cAL | ||
| 041 | _aeng | ||
| 082 | _a954 VANI | ||
| 100 |
_aVanaik Achin _9224589 |
||
| 245 | _aIndia in a changing world | ||
| 260 |
_aNew Delhi _c1995 |
||
| 300 | _a147p | ||
| 650 |
_aHistory _9224590 |
||
| 942 |
_2ddc _cBED |
||
| 999 |
_c236484 _d236484 |
||